|
|
|
|
| LEADER |
00000nam a22000007a 4500 |
| 005 |
2011082903503.0 |
| 008 |
110829t2010 po ||||s|||| 001 0 por d |
| 020 |
|
|
|a 978-972-749-226-8
|
| 035 |
|
|
|a 5673
|
| 040 |
|
|
|a vLex
|
| 090 |
|
|
|c 2285
|d 2285
|
| 100 |
1 |
|
|a Monteiro Da Rocha, Fernando
|
| 245 |
1 |
0 |
|a Prontur̀io de processo penal
|c Fernando Monteiro Da Rocha
|h [Recurso electrn̤ico] /
|
| 250 |
|
|
|a 2® ed.
|
| 256 |
|
|
|a Servicio en ln̕ea.
|
| 260 |
|
|
|a Oporto :
|b Ecla editora,
|c 2010.
|
| 500 |
|
|
|a Nesta 2.® ediȯ̂, o autor acrescentou alguns outros aspectos que apenas fazendo uma refern̊cia se tornam mais presentes para que de alguma forma possa contribuir positivamente para um exercc̕io mais activo da advocacia, tentando elevar um pouco mais a inteiraȯ̂ do advogado na sua actividade forense.
|
| 506 |
1 |
|
|a Contenido solo disponible en los productos indicados
|d vLex Global
|d vLex Global (Academic Edition, excluding Law Schools)
|d vLex Global (U.S. Academic Edition, Law Schools)
|d vLex Global (U.S. Academic Edition, excluding Law Schools)
|d vLex Global (Academic Edition, Law Schools)
|
| 650 |
0 |
4 |
|a Procedimiento penal
|
| 740 |
0 |
|
|a vLex Libros (Servicio en ln̕ea)
|
| 856 |
4 |
0 |
|u http://vlex.com/source/prontuario-processo-penal-5673
|z Acceso restringido
|
| 942 |
|
|
|c BOOK
|